| 000 | 00455nam a2200181Ia 4500 | ||
|---|---|---|---|
| 003 | LK-CoDNM | ||
| 005 | 20241206113743.0 | ||
| 008 | 010623t1970 xxu||||| |||| 00| 1 eng d | ||
| 040 |
_aLK-CoDNM _dLK-CoDNM _eLK-CoDNM |
||
| 041 | _aeng | ||
| 080 |
_a294.38 = 91.2 _bEMM |
||
| 100 | _aEmmerick,R.E. | ||
| 245 | _athe Sutra of Golden Light | ||
| 260 |
_bLuzac Company LTD _aLondon _c1970 |
||
| 300 | _b108p. : 21 cm | ||
| 650 | _aBuddhism | ||
| 942 | _cBK | ||
| 999 |
_c108153 _d108153 |
||